| Tag |
First Indicator |
Second Indicator |
Subfields |
| LEADER |
00000cam a22000004a 4500 |
| 001 |
in00002006521 |
| 005 |
20151031142744.0 |
| 008 |
031124s2004 gw b 001 0 eng |
| 010 |
|
|
|a 2003069142
|
| 020 |
|
|
|a 3540401210 (hc : acid-free paper)
|
| 035 |
|
|
|a (OCoLC)ocm53840001
|
| 040 |
|
|
|a DLC
|c DLC
|d TXA
|d UtOrBLW
|
| 042 |
|
|
|a pcc
|
| 049 |
|
|
|a TXAM
|
| 050 |
0 |
0 |
|a QA614.82
|b M37 2004
|
| 082 |
0 |
0 |
|a 514/.74
|2 22
|
| 100 |
1 |
|
|a Margulis, G. A.
|q (Gregori Aleksandrovitsch),
|d 1946-
|
| 245 |
1 |
0 |
|a On some aspects of the theory of Anosov systems /
|c Grigoriy A. Margulis ; [translated from the Russian by Szulikowska Valentina Vladimirovna] ; with a survey by Richard Sharp, Periodic orbits of hyperbolic flows.
|
| 264 |
|
1 |
|a Berlin ;
|a New York :
|b Springer,
|c [2004]
|
| 264 |
|
4 |
|c ©2004
|
| 300 |
|
|
|a 138 pages ;
|c 25 cm.
|
| 336 |
|
|
|a text
|b txt
|2 rdacontent
|
| 337 |
|
|
|a unmediated
|b n
|2 rdamedia
|
| 338 |
|
|
|a volume
|b nc
|2 rdacarrier
|
| 490 |
1 |
|
|a Springer monographs in mathematics,
|x 1439-7382
|
| 504 |
|
|
|a Includes bibliographical references and index.
|
| 650 |
|
0 |
|a Anosov flows.
|
| 650 |
|
0 |
|a Ergodic theory.
|
| 650 |
|
0 |
|a Flows (Differentiable dynamical systems)
|
| 700 |
1 |
2 |
|a Sharp, Richard,
|c Dr.
|t Periodic orbits of hyperbolic flows.
|
| 830 |
|
0 |
|a Springer monographs in mathematics.
|
| 948 |
|
|
|a cataloged
|b h
|c 2005/4/29
|d c
|e dmitchel
|f 11:10:20 am
|
| 994 |
|
|
|a C0
|b TXA
|
| 999 |
|
|
|a MARS
|
| 999 |
f |
f |
|s a683cd51-0f94-328b-90f6-14db7aaa1e8e
|i 73d03881-754c-3715-92d0-cdb688956463
|t 0
|
| 952 |
f |
f |
|p normal
|a Texas A&M University
|b College Station
|c Sterling C. Evans Library
|d Evans: Library Stacks
|t 0
|e QA614.82 M37 2004
|h Library of Congress classification
|i unmediated -- volume
|m A14832642796
|
| 998 |
f |
f |
|a QA614.82 M37 2004
|t 0
|l Evans: Library Stacks
|